000 00618nam a2200193Ia 4500
005 20250326144208.0
008 250326s9999 xx 000 0 und d
037 _aTextbook
040 _aFMSL
_beng
_cFMSL
041 _aeng
_2eng
084 _aX:87 P4
_qFMSL
100 _aBukkingham Marcus
_9749224
245 0 _aNow discover your strength -How to develop your telentsand those of the people you manage
_cBukkingham Marcus
260 _aUnited Kingdom
_bUnited Kingdom, Simon &schuster
_c2001
300 _a262p
365 _b304.35000000000002
942 _cTB
_hX:87 P4
999 _c1302743
_d1302743